| 000 | 00644nam a2200205Ia 4500 | ||
|---|---|---|---|
| 005 | 20260121110122.0 | ||
| 008 | 008 260114s9999 xx 000 0 hin d | ||
| 020 | _a9788132352495 | ||
| 037 | _aEBOOK | ||
| 040 |
_aCRL _bhin _cCRL |
||
| 041 |
_ahin _2hin |
||
| 084 | _qCRL | ||
| 100 |
_aअवधेश राय / Avadhesh Rai _9942277 |
||
| 245 | 0 | _aगाँधी एवं सत्याग्रह / Gandhi aur Satyagrah | |
| 260 |
_bभाषा प्रकाशन / Bhasha Prakashan _c2020 |
||
| 856 | _uhttps://bhashaprakashan.com/product-details/378589 | ||
| 942 | _cEBOOK | ||
| 999 |
_c1533942 _d1533942 |
||